|
|
|
|
| LEADER |
00000naa2a2200000 4500 |
| 001 |
125363 |
| 005 |
20251203140048.0 |
| 035 |
|
|
|a (RuTPU)RU\TPU\book\135659
|
| 090 |
|
|
|a 125363
|
| 100 |
|
|
|a 20071115d2005 k y0rusy50 ca
|
| 101 |
0 |
|
|a rus
|
| 102 |
|
|
|a RU
|
| 135 |
|
|
|a drnn ---uucaa
|
| 181 |
|
0 |
|a i
|
| 182 |
|
0 |
|a b
|
| 200 |
1 |
|
|a Метод определения эффективности очистки воздуха в абсорбере на стенде с замкнутыми потоками
|f А. С. Калашникова
|g науч. рук. М. В. Василевский
|
| 203 |
|
|
|a Текст
|c электронный
|
| 215 |
|
|
|a 1 файл ( 444 Кб)
|
| 300 |
|
|
|a Заглавие с титульного листа
|
| 300 |
|
|
|a Электронная версия печатной публикации
|
| 337 |
|
|
|a Adobe Reader
|
| 463 |
|
0 |
|0 (RuTPU)RU\TPU\book\111467
|y 5-89503-079-3
|t Проблемы геологии и освоения недр
|o труды Девятого международного симпозиума им. М. А. Усова, 2005 г. Томск
|f Томский политехнический университет; Проблемы геологии и освоения недр; под ред. Г. М. Ивановой, А. В. Шадриной
|v [С. 687-689]
|d 2005
|
| 610 |
1 |
|
|a воздух
|
| 610 |
1 |
|
|a очистка
|
| 610 |
1 |
|
|a абсорберы
|
| 610 |
1 |
|
|a эффективность
|
| 610 |
1 |
|
|a методы определения
|
| 610 |
1 |
|
|a демонстрационные стенды
|
| 610 |
1 |
|
|a кинетика
|
| 610 |
1 |
|
|a статика
|
| 610 |
1 |
|
|a динамические методы
|
| 610 |
1 |
|
|a электронный ресурс
|
| 610 |
1 |
|
|a труды учёных ТПУ
|
| 700 |
|
1 |
|a Калашникова
|b А. С.
|
| 702 |
|
1 |
|a Василевский
|b М. В.
|4 727
|
| 801 |
|
1 |
|a RU
|b 63413507
|c 20071115
|g PSBO
|
| 801 |
|
2 |
|a RU
|b 63413507
|c 20130719
|g RCR
|
| 856 |
4 |
|
|u http://www.lib.tpu.ru/fulltext/v/Conferences/2005/K01/169.pdf
|
| 942 |
|
|
|c CF
|